[Event "24th ch-EUR Indiv 2024"]
[Site "Petrovac MNE"]
[Date "2024.11.08"]
[Round "1.45"]
[White "Manea, Alexandru"]
[Black "Erdogmus, Yagiz Kaan"]
[Result "0-1"]
[WhiteTitle "IM"]
[BlackTitle "GM"]
[WhiteElo "2273"]
[BlackElo "2604"]
[WhiteFideId "1207660"]
[BlackFideId "44599790"]
[EventDate "2024.11.08"]

1. e4 c5 2. Nf3 d6 3. d4 cxd4 4. Qxd4 Nc6 5. Bb5 Bd7 6. Bxc6 Bxc6 7. Nc3 Nf6 8.
Bg5 e6 9. O-O-O Be7 10. Qd3 Qa5 11. h4 h6 12. Bd2 e5 13. Kb1 Qa6 14. Qxa6 bxa6
15. Rhe1 O-O 16. Re2 Rab8 17. Be1 Rfc8 18. Nh2 Bd7 19. Nf1 Nh5 20. Re3 f5 21.
Nd5 Bd8 22. f3 fxe4 23. Rxe4 Bf5 24. Re2 Nf4 25. Nfe3 Nxe2 26. Nxf5 Rc5 27. Nxd6
Bxh4 28. Bxh4 Rxd5 29. Rxd5 Nc3+ 30. Kc1 Nxd5 31. c4 Nb4 32. a3 Nd3+ 33. Kc2
Nxb2 34. Bf2 Na4 35. Bxa7 Rb2+ 36. Kd3 Kf8 37. c5 Ke7 38. Nc4 Rxg2 39. Nxe5 Kd8
40. c6 Kc7 0-1

[Event "24th ch-EUR Indiv 2024"]
[Site "Petrovac MNE"]
[Date "2024.11.08"]
[Round "1.46"]
[White "Pultinevicius, Paulius"]
[Black "Mouhamad, Joachim"]
[Result "1-0"]
[WhiteTitle "GM"]
[BlackTitle "FM"]
[WhiteElo "2599"]
[BlackElo "2273"]
[WhiteFideId "12809390"]
[BlackFideId "656410"]
[EventDate "2024.11.08"]

1. d4 d5 2. c4 e6 3. Nc3 h6 4. Nf3 Nf6 5. g3 Bd6 6. Bg2 Nc6 7. O-O O-O 8. b3
dxc4 9. bxc4 e5 10. Rb1 exd4 11. Nxd4 Nxd4 12. Qxd4 Re8 13. Bb2 c6 14. Ne4 Be7
15. Qe5 Be6 16. Rfd1 Qb8 17. Qa5 Nxe4 18. Bxe4 Rd8 19. Rd3 Rxd3 20. exd3 Qd8 21.
Qc3 Bf6 22. Qb3 Bxb2 23. Rxb2 f5 24. Bf3 Rc8 25. Re2 Qd7 26. d4 Bf7 27. Qc3 Rd8
28. d5 cxd5 29. cxd5 Qd6 30. Re5 f4 31. g4 Rf8 32. h4 b5 33. g5 Re8 34. Rxe8+
Bxe8 35. Qc8 Qd7 36. Qb8 hxg5 37. hxg5 Qf7 38. Bg4 Kh7 39. Be6 Qh5 40. Qxf4 Bg6
41. Bg4 1-0

[Event "24th ch-EUR Indiv 2024"]
[Site "Petrovac MNE"]
[Date "2024.11.08"]
[Round "1.47"]
[White "Aydin, Gulenay"]
[Black "Vocaturo, Daniele"]
[Result "1/2-1/2"]
[WhiteTitle "WIM"]
[BlackTitle "GM"]
[WhiteElo "2271"]
[BlackElo "2597"]
[WhiteFideId "34557431"]
[BlackFideId "813192"]
[EventDate "2024.11.08"]

1. e4 c5 2. c3 Nf6 3. e5 Nd5 4. Bc4 Nb6 5. Bb3 d6 6. exd6 Qxd6 7. Nf3 c4 8. Bc2
Qe6+ 9. Kf1 Qd5 10. Qe2 e6 11. b3 cxb3 12. axb3 Be7 13. Na3 Qd8 14. d4 Nc6 15.
h4 Bd7 16. Ng5 Nd5 17. Qf3 Nf6 18. Nc4 Rc8 19. Bf4 h6 20. Ne4 Nxe4 21. Bxe4 O-O
22. Bxh6 gxh6 23. Qh5 Kg7 24. Qg4+ Kh8 25. Qh5 Kg7 26. Qg4+ Kh8 27. Qh5 Kg7 28.
Qg4+ 1/2-1/2

[Event "24th ch-EUR Indiv 2024"]
[Site "Petrovac MNE"]
[Date "2024.11.08"]
[Round "1.48"]
[White "Safarli, Eltaj"]
[Black "Fishchuk, Vladyslav"]
[Result "1-0"]
[WhiteTitle "GM"]
[BlackTitle "FM"]
[WhiteElo "2596"]
[BlackElo "2270"]
[WhiteFideId "13402129"]
[BlackFideId "34122117"]
[EventDate "2024.11.08"]

1. e4 e5 2. Nf3 Nc6 3. Bb5 a6 4. Ba4 Bc5 5. O-O Nge7 6. c3 Ng6 7. d4 Ba7 8. Bg5
f6 9. Be3 O-O 10. Nbd2 Kh8 11. Re1 d6 12. h3 exd4 13. cxd4 d5 14. Rc1 Nb4 15.
Qb3 dxe4 16. Nxe4 Nd5 17. Qa3 c6 18. Bd2 Bb8 19. Bb3 Ngf4 20. Ba5 b6 21. Bxd5
Nxd5 22. Bd2 Bd7 23. Nc3 Nf4 24. Rcd1 Bf5 25. Qb3 Nd3 26. Re3 Nf4 27. Nh4 Bc8
28. Qc4 Qd6 29. Ne4 Qc7 30. Ng3 Nd5 31. Ree1 Qd6 32. Rc1 Bd7 33. Nf3 Qc7 34. Ne4
Qb7 35. Qb3 a5 36. a4 Bc7 37. Nc3 Bd6 38. Ne4 Bc7 39. Nc5 Qc8 40. Nxd7 Qxd7 41.
Qc2 Rac8 42. Re4 Rfe8 43. Rxe8+ Qxe8 44. Nh4 Qd7 45. Nf5 Re8 46. Qxc6 Qxc6 47.
Rxc6 Re2 48. Bc3 Rc2 49. g4 Kg8 50. Ne3 Nxe3 51. fxe3 Bg3 52. d5 Bf2+ 53. Kf1
Bxe3 54. d6 Kf7 55. d7 Ke7 56. Bxf6+ 1-0

[Event "24th ch-EUR Indiv 2024"]
[Site "Petrovac MNE"]
[Date "2024.11.08"]
[Round "1.49"]
[White "Zherebtsova, Alexandra"]
[Black "Tomczak, Jacek"]
[Result "1/2-1/2"]
[WhiteTitle "FM"]
[BlackTitle "GM"]
[WhiteElo "2268"]
[BlackElo "2593"]
[WhiteFideId "24129518"]
[BlackFideId "1124668"]
[EventDate "2024.11.08"]

1. d4 Nf6 2. c4 e6 3. Nf3 Bb4+ 4. Bd2 Qe7 5. g3 Bxd2+ 6. Qxd2 Nc6 7. b3 e5 8.
dxe5 Nxe5 9. Bg2 d5 10. cxd5 Nxf3+ 11. Bxf3 Bh3 12. Nc3 O-O 13. Qd4 Rad8 14. g4
Nd7 15. Rg1 f5 16. gxf5 Ne5 17. Be4 Bxf5 18. O-O-O Ng6 19. Bxf5 Rxf5 20. Rg4 c5
21. Qc4 Qf8 22. Re4 Kh8 23. f3 a6 24. Qa4 Qd6 25. Re8+ Rf8 26. Rxf8+ Rxf8 27.
Qa5 Nf4 28. e3 Ng2 29. Ne4 Qe5 30. Qxc5 Qa1+ 31. Kc2 Qxa2+ 32. Kc3 Rd8 33. d6
Qe2 34. Rd2 Qxf3 35. Ng5 Qf6+ 36. Kb4 b6 37. Qd5 Nxe3 38. Nf7+ Kg8 39. Nh6+ Kh8
40. Nf7+ Kg8 41. Nh6+ 1/2-1/2

[Event "24th ch-EUR Indiv 2024"]
[Site "Petrovac MNE"]
[Date "2024.11.08"]
[Round "1.50"]
[White "Lupulescu, Constantin"]
[Black "Dubnevych, Maksym"]
[Result "1/2-1/2"]
[WhiteTitle "GM"]
[BlackTitle "FM"]
[WhiteElo "2591"]
[BlackElo "2264"]
[WhiteFideId "1207822"]
[BlackFideId "14184001"]
[EventDate "2024.11.08"]

1. c4 Nf6 2. Nc3 e6 3. e4 d5 4. cxd5 exd5 5. e5 d4 6. exf6 dxc3 7. Bb5+ c6 8.
Qe2+ Be6 9. Bc4 Qxf6 10. dxc3 Bc5 11. Nf3 O-O 12. Bxe6 Re8 13. Ng5 fxe6 14. Nxh7
Qxf2+ 15. Qxf2 Bxf2+ 16. Kxf2 Kxh7 17. Rd1 Na6 18. Be3 Red8 19. Rxd8 Rxd8 20.
Ke2 c5 21. Rf1 Kg8 22. Rf4 Rd7 23. Ra4 Kf7 24. Ra5 Rc7 25. a3 e5 26. Kd3 Ke6 27.
b4 cxb4 28. axb4 Nb8 29. Rxa7 Nd7 30. Ra5 Nf6 31. Rc5 Rd7+ 32. Ke2 Ne4 33. Rc8
Nd6 34. Rc5 Ne4 35. Rc8 Nd6 36. Rb8 Kd5 37. Kd3 Nf5 38. c4+ Ke6+ 39. Ke2 Nxe3
40. Kxe3 Rd4 41. c5 Rxb4 42. c6 Rb3+ 43. Kd2 Kd6 44. Rxb7 Ra3 45. c7 Kd7 46.
c8=Q+ Kxc8 47. Rxg7 Kd8 48. h4 Ke8 49. h5 Kf8 50. Rg5 Kf7 51. g4 Kf6 52. Rg6+
Kf7 53. Ke2 e4 54. g5 Rh3 55. Rf6+ Kg7 56. h6+ Kg8 57. Re6 Kf7 58. Rxe4 Kg6 59.
Re5 Ra3 60. Kf2 Rb3 61. Kg2 Ra3 62. Rb5 Rc3 63. Kf2 Ra3 64. Ke2 Rh3 65. Kd2 Ra3
66. Kc2 Rh3 67. Kb2 Rf3 68. Rb8 Rh3 69. Rg8+ Kh7 70. Rg7+ Kh8 71. Re7 Rg3 72.
Re5 Kh7 73. Kc2 Kg6 74. Kd2 Ra3 75. Ke2 Rb3 76. Kf2 Ra3 77. Re3 Ra2+ 78. Re2 Ra5
79. Re8 Rxg5 80. Rg8+ Kxh6 81. Rxg5 Kxg5 1/2-1/2

[Event "24th ch-EUR Indiv 2024"]
[Site "Petrovac MNE"]
[Date "2024.11.08"]
[Round "1.51"]
[White "Petrovic, Aleksa"]
[Black "Petrov, Nikita"]
[Result "0-1"]
[WhiteTitle "FM"]
[BlackTitle "GM"]
[WhiteElo "2262"]
[BlackElo "2590"]
[WhiteFideId "967629"]
[BlackFideId "4101286"]
[EventDate "2024.11.08"]

1. d4 Nf6 2. Nf3 d5 3. g3 Bf5 4. Bg2 e6 5. Nh4 Be4 6. f3 Bg6 7. Nxg6 hxg6 8. c4
c5 9. cxd5 exd5 10. Be3 cxd4 11. Bxd4 Nc6 12. Nc3 Bb4 13. O-O Nxd4 14. Qxd4 Qe7
15. Kh1 Nh5 16. Qg4 Nf6 17. Qd4 Nh5 18. Qg4 Qd6 19. f4 Bxc3 20. bxc3 Nf6 21. Qf3
O-O 22. Qd3 Qc5 23. Rab1 b6 24. Rb5 Qa3 25. c4 Qxa2 26. cxd5 Rac8 27. Rb3 Rfe8
28. Bf3 Ne4 29. Ra3 Qb2 30. Bxe4 Rxe4 31. Qxe4 Qxa3 32. f5 g5 33. Qe5 Rd8 34. f6
Qd6 35. Qxd6 Rxd6 36. e4 gxf6 37. Kg2 b5 38. Rb1 Rb6 39. Ra1 a6 40. Kf3 b4 41.
Ke3 b3 42. Kd4 a5 43. Kc3 a4 44. Kb2 Rb4 45. Re1 g4 46. Kc3 Rb8 47. Kb2 Rc8 48.
Ka3 Rc4 49. e5 fxe5 50. Rxe5 Rd4 51. Re2 Kg7 52. d6 Kf6 53. d7 Rxd7 54. Kxa4 b2 0-1

[Event "24th ch-EUR Indiv 2024"]
[Site "Petrovac MNE"]
[Date "2024.11.08"]
[Round "1.52"]
[White "Jobava, Baadur"]
[Black "Bodiroga, Predrag"]
[Result "1-0"]
[WhiteTitle "GM"]
[BlackTitle "IM"]
[WhiteElo "2587"]
[BlackElo "2260"]
[WhiteFideId "13601520"]
[BlackFideId "915700"]
[EventDate "2024.11.08"]

1. d4 d5 2. Nc3 a6 3. Bf4 e6 4. e3 c5 5. dxc5 Nc6 6. Nf3 Bxc5 7. Bd3 Nf6 8. h3
Bd6 9. O-O O-O 10. Re1 Bxf4 11. exf4 Qc7 12. Ne5 Rd8 13. a4 Bd7 14. Qf3 Nd4 15.
Qe3 Nf5 16. Bxf5 exf5 17. a5 Rac8 18. Rec1 Be8 19. Ne2 Ne4 20. Nd4 g6 21. Re1
Rd6 22. Ra3 Qd8 23. Kh2 h5 24. f3 Nf6 25. Qd2 h4 26. Rae3 Kg7 27. Qf2 Nh5 28.
Nxg6 fxg6 29. Rxe8 Qxe8 30. Rxe8 Rxe8 31. Qxh4 Nf6 32. Qf2 Nd7 33. h4 Nf8 34. h5
Ne6 35. Qe1 Kf7 36. hxg6+ Kxg6 37. Qe5 Nxd4 38. Qxe8+ 1-0

[Event "24th ch-EUR Indiv 2024"]
[Site "Petrovac MNE"]
[Date "2024.11.08"]
[Round "1.53"]
[White "Valiyev, Shahin"]
[Black "Maurizzi, Marc'Andria"]
[Result "0-1"]
[WhiteTitle "FM"]
[BlackTitle "GM"]
[WhiteElo "2260"]
[BlackElo "2585"]
[WhiteFideId "13424203"]
[BlackFideId "36083534"]
[EventDate "2024.11.08"]

1. e4 c5 2. Nf3 Nc6 3. Bb5 e6 4. Bxc6 bxc6 5. b3 d5 6. e5 Ne7 7. Nc3 Ng6 8. O-O
f6 9. exf6 gxf6 10. Re1 e5 11. d4 cxd4 12. Nxd4 Qd7 13. Nf3 Kf7 14. a3 h5 15. b4
Be7 16. Kh1 Qg4 17. Qe2 Be6 18. Nd1 h4 19. h3 Qh5 20. c3 a5 21. bxa5 Rxa5 22.
Rb1 Rb5 23. Ra1 Rbb8 24. a4 Bd7 25. a5 e4 26. Nd4 Qxe2 27. Nxe2 Ne5 28. Nf4 Rb5
29. a6 Ra8 30. Re2 Bc8 31. a7 Bb7 32. Ne3 Bc5 33. Rea2 Bc8 34. Nexd5 cxd5 35.
Nxd5 Rb7 36. Ra6 Rbxa7 37. Rxf6+ Kg7 38. Rxa7+ Rxa7 39. Bh6+ Kh7 40. Bf8 Bxf8
41. Rxf8 Bb7 42. Ne3 Nd3 43. Ng4 Kg7 44. Rb8 Bd5 45. Re8 Rc7 46. Kh2 Rxc3 47.
Re7+ Kg6 48. Re8 Rc1 49. Rh8 Kg5 50. g3 hxg3+ 51. Kxg3 Kg6 52. Rd8 Rc3 53. Rd6+
Kf7 54. Kh4 Be6 55. Rd4 Bxg4 56. Rxe4 Bf5 57. Re3 Kf6 58. Kg3 Rc8 59. Rf3 Rg8+
60. Kh2 Ke5 0-1

[Event "24th ch-EUR Indiv 2024"]
[Site "Petrovac MNE"]
[Date "2024.11.08"]
[Round "1.54"]
[White "Romanov, Evgeny"]
[Black "Hulka, Valentyn"]
[Result "1-0"]
[WhiteTitle "GM"]
[BlackTitle "FM"]
[WhiteElo "2584"]
[BlackElo "2259"]
[WhiteFideId "4148843"]
[BlackFideId "34107061"]
[EventDate "2024.11.08"]

1. e4 e5 2. Nf3 Nc6 3. Bb5 a6 4. Ba4 Bc5 5. O-O Nge7 6. c3 Ba7 7. d4 Ng6 8. Be3
O-O 9. d5 Nce7 10. Bxa7 Rxa7 11. d6 cxd6 12. Qxd6 b5 13. Bb3 Qc7 14. Rd1 Qxd6
15. Rxd6 Rc7 16. h4 Bb7 17. h5 Nc8 18. Rd1 Nf4 19. Nxe5 d6 20. Nd3 Nxh5 21. f3
Nb6 22. Na3 Nf6 23. Nc2 Rd8 24. a4 bxa4 25. Bxa4 Kf8 26. Bb3 Ke7 27. Ncb4 Ra8
28. Ra5 Nfd7 29. Nf4 Rc5 30. Rda1 Rxa5 31. Rxa5 Nc5 32. Nfd5+ Bxd5 33. Nxd5+
Nxd5 34. Bxd5 Rc8 35. Kf1 g6 36. Ke2 f5 37. exf5 gxf5 38. Kd2 Nd7 39. Rxa6 Rc7
40. b4 h5 41. Kd3 h4 42. Kd4 1-0

[Event "24th ch-EUR Indiv 2024"]
[Site "Petrovac MNE"]
[Date "2024.11.08"]
[Round "1.55"]
[White "Vasynda, Oleksandr"]
[Black "Laurent-Paoli, Pierre"]
[Result "0-1"]
[WhiteTitle "FM"]
[BlackTitle "GM"]
[WhiteElo "2257"]
[BlackElo "2583"]
[WhiteFideId "14176297"]
[BlackFideId "26017962"]
[EventDate "2024.11.08"]

1. d4 Nf6 2. c4 e6 3. Nf3 d5 4. e3 Bd6 5. Nc3 O-O 6. b3 b6 7. Bb2 Bb7 8. Bd3
Nbd7 9. O-O a6 10. Qc2 dxc4 11. bxc4 c5 12. d5 exd5 13. Nxd5 Bxd5 14. cxd5 b5
15. Bf5 Re8 16. Bxd7 Nxd7 17. e4 c4 18. Rfe1 Nc5 19. Re2 Nd3 20. Bd4 Rc8 21. Rd1
Bb4 22. g3 f5 23. Rxd3 cxd3 24. Qxd3 fxe4 25. Rxe4 Qxd5 26. Rg4 Bf8 27. Kg2 Rc4
28. Qb3 Re7 29. Rf4 Rf7 30. Rxf7 Qxf7 31. Qe3 Ra4 32. Qe4 h6 33. Qa8 Rxa2 34.
Bc5 Re2 35. Bxf8 Re8 36. Qxa6 Rxf8 37. Qc6 b4 38. Ne5 Qxf2+ 0-1

[Event "24th ch-EUR Indiv 2024"]
[Site "Petrovac MNE"]
[Date "2024.11.08"]
[Round "1.56"]
[White "Fridman, Daniel"]
[Black "Drazic, Sinisa"]
[Result "1/2-1/2"]
[WhiteTitle "GM"]
[BlackTitle "GM"]
[WhiteElo "2581"]
[BlackElo "2255"]
[WhiteFideId "11600454"]
[BlackFideId "901172"]
[EventDate "2024.11.08"]

1. c4 c6 2. Nf3 d5 3. g3 Nf6 4. Bg2 g6 5. b3 Bg7 6. Bb2 O-O 7. O-O b6 8. d3 Bb7
9. Qc2 Na6 10. Nbd2 c5 11. a3 Qd7 12. Rfe1 Rfd8 13. e4 dxc4 14. dxc4 Qd3 15.
Qxd3 Rxd3 16. Bf1 Rdd8 17. Rab1 Nd7 18. e5 Nf8 19. Ne4 Ne6 20. Neg5 Nac7 21. b4
h6 22. Ne4 g5 23. h3 Rd7 24. Bc3 Bc6 25. Nfd2 Rad8 26. Bg2 cxb4 27. axb4 Nd4 28.
b5 Ba8 29. Bxd4 Rxd4 30. Ra1 Bxe4 31. Nxe4 Bxe5 32. Nxg5 Bg7 33. Rxa7 Rxc4 34.
Bf1 Rc2 35. Rxe7 hxg5 36. Rexc7 Rxc7 37. Rxc7 Be5 38. Rb7 Rd6 39. Bc4 Rf6 40.
Kg2 Bd4 41. f3 Kf8 42. g4 Bc5 43. Bd5 Be7 44. Kf1 Bc5 45. Ke2 Ke8 46. Kd3 Rf4
47. Be4 Rf6 48. Kc4 Rd6 49. Bd5 Rf6 50. Rb8+ Ke7 51. Rh8 Bf2 52. Kd3 Rd6 53. Kc4
Rf6 54. Rg8 Rg6 55. Ra8 Rf6 56. Ra2 Bc5 57. Re2+ Kf8 58. Re5 Be7 59. Be4 Rh6 60.
Rf5 Rxh3 61. Bd5 Rh7 62. Kd4 f6 63. Be4 Rh1 64. Kd5 Rc1 65. Ke6 Rc5 66. Rxc5
Bxc5 67. Kxf6 Be3 1/2-1/2

[Event "24th ch-EUR Indiv 2024"]
[Site "Petrovac MNE"]
[Date "2024.11.08"]
[Round "1.57"]
[White "Gal, Andrej"]
[Black "Piorun, Kacper"]
[Result "1-0"]
[WhiteTitle "FM"]
[BlackTitle "GM"]
[WhiteElo "2255"]
[BlackElo "2580"]
[WhiteFideId "14567563"]
[BlackFideId "1130420"]
[EventDate "2024.11.08"]

1. d4 g6 2. c4 Bg7 3. Nf3 Nf6 4. g3 d6 5. Bg2 O-O 6. O-O c6 7. Nc3 Qa5 8. h3 Be6
9. Nd2 Qb6 10. d5 Bd7 11. Qb3 Qc7 12. Nf3 Na6 13. Be3 Qc8 14. Kh2 Nc7 15. Rfd1
c5 16. a4 h6 17. Bd2 Rb8 18. e4 Nfe8 19. Re1 b6 20. e5 a6 21. Qc2 Bf5 22. Qc1 g5
23. h4 f6 24. exd6 exd6 25. Nd1 Rf7 26. Ne3 Bd7 27. Qc2 g4 28. Ng1 f5 29. Ne2 b5
30. axb5 axb5 31. Nf4 bxc4 32. Nxc4 Nb5 33. Ne6 Nd4 34. Nxd4 cxd4 35. Rac1 Qa6
36. Bf4 Bb5 37. b3 Bd7 38. Qd2 Kh7 39. Na5 Qb6 40. Nc6 Ra8 41. b4 Ra3 42. Rcd1
d3 43. Re3 Nf6 44. Rxd3 Rxd3 45. Qxd3 Qxf2 46. Rd2 Qe1 47. Re2 Qa1 48. Nd8 Rf8
49. Ne6 Bxe6 50. dxe6 Ne8 51. e7 Rf7 52. Bc6 Bd4 53. Be3 Bxe3 54. Qxe3 f4 55.
Qd3+ 1-0

[Event "24th ch-EUR Indiv 2024"]
[Site "Petrovac MNE"]
[Date "2024.11.08"]
[Round "1.58"]
[White "Gazik, Viktor"]
[Black "Pogorelskikh, Sofia"]
[Result "1-0"]
[WhiteTitle "GM"]
[BlackTitle "WIM"]
[WhiteElo "2579"]
[BlackElo "2252"]
[WhiteFideId "14928752"]
[BlackFideId "44164548"]
[EventDate "2024.11.08"]

1. e4 c5 2. Nf3 e6 3. Nc3 Nc6 4. Bb5 Nd4 5. Bd3 a6 6. Nxd4 cxd4 7. Ne2 d5 8. e5
Qg5 9. c3 Qxe5 10. f4 Qc7 11. Qa4+ Bd7 12. Qxd4 Nf6 13. Bc2 Bc5 14. Qe5 Bd6 15.
Qg5 O-O-O 16. d3 e5 17. Qxg7 Nh5 18. Qxf7 Nxf4 19. Bxf4 exf4 20. O-O-O Rhg8 21.
Rdg1 Rg5 22. h4 Rf5 23. Qxh7 Rdf8 24. Nd4 R5f7 25. Qg6 Bc5 26. Kb1 Rf6 27. Qh5
Qd6 28. Bb3 Bf5 29. Rd1 Bxd4 30. cxd4 Kb8 31. Qf3 Rg8 32. Qxd5 Rg3 33. Ka1 Bxd3
34. h5 Be2 35. Qxd6+ Rxd6 36. h6 Rd8 37. Rdg1 Rh8 38. Bc2 f3 39. gxf3 Rxh6 40.
a3 Bxf3 41. Rxg3 Rxh1+ 42. Ka2 Bd5+ 43. Bb3 Be4 44. a4 a5 45. Rc3 Rh6 46. Rc5
Rd6 47. Rxa5 Rxd4 48. Ka3 Bc6 49. Rh5 Ka7 50. Bc2 Rd2 51. Rc5 Rd5 52. Rc4 Rg5
53. b3 Re5 54. Kb4 Kb6 55. Rf4 Rg5 56. Bd3 Re5 57. Kc3 Rg5 58. Rh4 Re5 59. Bc4
Rg5 60. Kd4 Ra5 61. Rh8 Rg5 62. Rh6 Kc7 63. Rh3 Kb6 64. Bd3 Rd5+ 65. Kc3 Rc5+
66. Kb4 Rg5 67. Re3 Rg4+ 68. Ka3 Rf4 69. Re5 Rd4 70. Bc4 Rh4 71. Kb4 Kc7 72. Kc5
b6+ 73. Kb4 Re4 74. Rh5 Re7 75. Rh6 Rg7 76. Be6 Re7 77. Kc3 Rg7 78. Kd4 Rg5 79.
Rf6 Ra5 80. Bc4 Rg5 81. Rf4 Ra5 82. Kc3 Re5 83. Bd3 Ra5 84. Rh4 Rg5 85. Rh3 Re5
86. Bc2 Rc5+ 87. Kb2 Rg5 88. Ka3 Rc5 89. Kb2 Rg5 90. Rc3 Rc5 91. Rg3 Re5 92. b4
Re7 93. b5 Bb7 94. Kc3 Kb8 95. Bd3 Rc7+ 96. Kb4 Rc8 97. Rg6 Ka7 98. Bc4 Rd8 99.
Rh6 Rf8 100. Rh4 Re8 101. Kc3 Rd8 102. Rh6 Re8 103. Be6 Rd8 104. Rh7 Kb8 105.
Rg7 Bd5 106. Bd7 Bb7 107. Kc4 Rf8 108. Bc6 Bc8 109. Kd5 Rd8+ 110. Ke5 Rh8 111.
Rg5 Rd8 112. Rh5 Bg4 113. Rh7 Bc8 114. a5 bxa5 115. b6 Rd1 116. Ra7 Bb7 117.
Rxb7+ Kc8 118. Ra7 1-0

[Event "24th ch-EUR Indiv 2024"]
[Site "Petrovac MNE"]
[Date "2024.11.08"]
[Round "1.59"]
[White "Gevorgyan, David Sh."]
[Black "Gumularz, Szymon"]
[Result "0-1"]
[WhiteTitle "IM"]
[BlackTitle "GM"]
[WhiteElo "2247"]
[BlackElo "2579"]
[WhiteFideId "13303244"]
[BlackFideId "1188062"]
[EventDate "2024.11.08"]

1. d4 g6 2. e4 Bg7 3. Nc3 c6 4. Nf3 d6 5. h3 Nf6 6. Be2 O-O 7. O-O Qc7 8. Bg5 e5
9. dxe5 dxe5 10. Qd2 Nbd7 11. Rfd1 Re8 12. Be3 b5 13. a3 a5 14. Bd3 Bb7 15. b4
Bf8 16. Ne2 c5 17. Bxb5 cxb4 18. axb4 Bxb4 19. c3 Bf8 20. Qa2 Re7 21. Ng3 Nc5
22. Bg5 Bg7 23. Re1 h6 24. Bxf6 Bxf6 25. Rad1 a4 26. Bc4 a3 27. Bd5 Bxd5 28.
Rxd5 Rd7 29. Red1 Rxd5 30. Rxd5 Qb6 31. Nd2 Bg5 32. Ngf1 Ra4 33. g3 Kg7 34. Kg2
h5 35. h4 Bh6 36. Kf3 Qe6 37. c4 Nxe4 38. Qc2 Qf5+ 39. Ke2 Nxg3+ 0-1

[Event "24th ch-EUR Indiv 2024"]
[Site "Petrovac MNE"]
[Date "2024.11.08"]
[Round "1.60"]
[White "Motylev, Alexander"]
[Black "Hamidov, Allahverdi"]
[Result "1-0"]
[WhiteTitle "GM"]
[BlackTitle "FM"]
[WhiteElo "2577"]
[BlackElo "2247"]
[WhiteFideId "4121830"]
[BlackFideId "13452029"]
[EventDate "2024.11.08"]

1. e4 e6 2. d4 d5 3. Nc3 Bb4 4. e5 c5 5. a3 Bxc3+ 6. bxc3 Ne7 7. a4 Nbc6 8. Nf3
Qa5 9. Qd2 b6 10. Ba3 Ba6 11. Bxa6 Qxa6 12. dxc5 Qxa4 13. O-O bxc5 14. Bxc5 Qc4
15. Bd6 O-O 16. Ra3 f6 17. Nd4 Rf7 18. exf6 Nc8 19. Bg3 Rxf6 20. Rb1 N8e7 21.
Rb7 e5 22. Nxc6 Nxc6 23. h3 Raf8 24. Rc7 R8f7 25. Raxa7 Qb5 26. Ra8+ Rf8 27. Qg5 1-0

[Event "24th ch-EUR Indiv 2024"]
[Site "Petrovac MNE"]
[Date "2024.11.08"]
[Round "1.61"]
[White "Sapocinic, Semion"]
[Black "Kourkoulos-Arditis, Stamatis"]
[Result "0-1"]
[BlackTitle "GM"]
[WhiteElo "2247"]
[BlackElo "2575"]
[WhiteFideId "13908693"]
[BlackFideId "4221990"]
[EventDate "2024.11.08"]

1. c4 Nf6 2. Nf3 g6 3. b4 Bg7 4. Bb2 O-O 5. g3 d6 6. Bg2 e5 7. d3 a5 8. b5 a4 9.
O-O Nbd7 10. a3 Nc5 11. Nc3 Re8 12. Nd2 Bd7 13. Nce4 Nfxe4 14. Nxe4 Nxe4 15.
Bxe4 c6 16. bxc6 bxc6 17. Rb1 Qa5 18. Qc2 Qa6 19. Bg2 Be6 20. e4 Reb8 21. Bc3
Rb3 22. Rxb3 axb3 23. Qxb3 Qxa3 24. Rb1 Qxb3 25. Rxb3 h5 26. h4 Ra2 27. Bf1 Rc2
28. Bb4 Rc1 29. Kg2 d5 30. Ba3 Re1 31. Rb8+ Kh7 32. Rb6 dxe4 33. dxe4 Rxe4 34.
Rxc6 Re1 35. Bb2 e4 36. Bxg7 Kxg7 37. Rd6 Bg4 38. Rd2 Bf3+ 39. Kg1 Rc1 40. c5
Bg4 41. Kg2 Rxc5 42. Be2 Bf5 43. Ra2 Rc3 44. Kf1 Rc1+ 45. Kg2 Re1 46. f4 e3 47.
Kf3 Be6 48. Rc2 Rg1 49. Rc5 Bg4+ 50. Kxe3 Rxg3+ 51. Kf2 Rh3 52. Bxg4 hxg4 53.
Rg5 f5 0-1

[Event "24th ch-EUR Indiv 2024"]
[Site "Petrovac MNE"]
[Date "2024.11.08"]
[Round "1.62"]
[White "Muradli, Mahammad"]
[Black "Pegno, Mattia"]
[Result "1-0"]
[WhiteTitle "GM"]
[BlackTitle "FM"]
[WhiteElo "2575"]
[BlackElo "2245"]
[WhiteFideId "13409301"]
[BlackFideId "2859870"]
[EventDate "2024.11.08"]

1. d4 d5 2. Nf3 Nf6 3. c4 e6 4. g3 dxc4 5. Bg2 Nc6 6. Qa4 Bb4+ 7. Bd2 Nd5 8.
Bxb4 Nxb4 9. a3 b5 10. Qxb5 Nc2+ 11. Kd2 Bd7 12. Kxc2 Nxd4+ 13. Nxd4 Bxb5 14.
Nxb5 Rb8 15. N1c3 O-O 16. Rhd1 Qf6 17. Ne4 Qf5 18. Nc3 Rb3 19. Rd4 Rfb8 20. Rb1
Qa5 21. Rxc4 Qb6 22. Na4 Qb5 23. Nd2 h5 24. Bc6 Qa6 25. Be4 h4 26. Nc5 1-0

[Event "24th ch-EUR Indiv 2024"]
[Site "Petrovac MNE"]
[Date "2024.11.08"]
[Round "1.63"]
[White "Safar, Sandro"]
[Black "Moroni, Luca Jr"]
[Result "1/2-1/2"]
[WhiteTitle "CM"]
[BlackTitle "GM"]
[WhiteElo "2242"]
[BlackElo "2571"]
[WhiteFideId "14536900"]
[BlackFideId "865834"]
[EventDate "2024.11.08"]

1. e4 c6 2. d4 d5 3. exd5 cxd5 4. Bd3 Nc6 5. c3 Qc7 6. Ne2 Bg4 7. O-O e6 8. Qe1
Bd6 9. f3 Bh5 10. Qh4 Bg6 11. Bxg6 fxg6 12. Nf4 Bxf4 13. Bxf4 Qf7 14. Bd6 Nh6
15. Ba3 Nf5 16. Qf2 g5 17. Nd2 h5 18. Ne4 Qg6 19. Nc5 O-O-O 20. Rfe1 Rhe8 21.
Rad1 g4 22. fxg4 hxg4 23. Qf4 Nd6 24. b3 b6 25. Nd3 Ne4 26. Nf2 Qf5 27. Qe3 Nf6
28. Nd3 Rd7 29. Bb2 Kb7 30. Re2 Rh8 31. Nf2 g5 32. Rde1 Qh7 33. Qg3 Nh5 34. Qd3
Nf4 35. Qxh7 Nxe2+ 36. Rxe2 Rdxh7 37. Nxg4 Re7 38. Ba3 Ree8 39. Bc1 b5 40. b4 e5
41. dxe5 d4 42. cxd4 Nxd4 43. Rf2 Ne6 44. Rf7+ Kc6 45. Be3 a6 46. Nf6 Rd8 47.
Re7 Nf4 48. h3 Rd3 49. Kf2 Ra3 50. Bxf4 gxf4 51. Re6+ Kb7 52. Rd6 f3 53. e6 fxg2
54. Kxg2 Rxa2+ 55. Kf3 Rxh3+ 56. Kg4 Rh8 57. e7 Rg2+ 58. Kf3 Rg6 59. Ke4 Rg1 60.
Rd8 Re1+ 61. Kf5 Rh4 62. e8=Q Rxe8 63. Rxe8 Rxb4 64. Ke5 Rh4 65. Ne4 Kb6 66. Kd4
Rh6 67. Kc3 a5 68. Re5 1/2-1/2